000 00522nam a2200181Ia 4500
005 20250326141617.0
008 250326s9999 xx 000 0 und d
037 _aTextbook
040 _aFMSL
_beng
_cFMSL
041 _aeng
_2eng
084 _qFMSL
100 _aSaraf Vinay Kumar
_9298891
245 0 _aPublic and private section in India : A corporate analysis
_cSaraf Vinay Kumar
260 _aNew Delhi
_bNew Delhi, Akash deep Pub. House
_c1991
300 _a372p
942 _cTB
999 _c1291135
_d1291135